000 00518nam a2200193Ia 4500
003 OSt
005 20221002055051.0
006 a|||||r|||| 00| 0
007 ta
008 220930b |||||||| |||| 00| 0 eng d
024 _a71974
037 _cReference Collections
040 _aCRL
_cCRL
_beng
041 _2eng
_aeng
082 _aT4n1-3:n16, N4.1(RR)
245 0 _aCommon wealth university yearbook 1994
942 _hT4n1-3:n16, N4.1(RR)
_cref
_2CC
999 _c926711
_d926711